Normal view MARC view
  • RREEF Real Estate

Entry Corporate Name

Number of records used in: 4

001 - CONTROL NUMBER

  • control field: 6033

003 - CONTROL NUMBER IDENTIFIER

  • control field: OSt

005 - DATE AND TIME OF LATEST TRANSACTION

  • control field: 20190806150249.0

008 - FIXED-LENGTH DATA ELEMENTS

  • fixed length control field: 120402n| acannaabn |n ana d

040 ## - CATALOGING SOURCE

  • Original cataloging agency: OSt
  • Transcribing agency: OSt

110 2# - HEADING--CORPORATE NAME

  • Corporate name or jurisdiction name as entry element: RREEF Real Estate

670 ## - SOURCE DATA FOUND

  • Source citation: European real estate strategic outlook March 2012, 2012